Представление документа в формате RUSMARC

ПолеНазваниеЗначение
  Тип записи a
  Библиографический уровень m
001 Контрольный номер f04d0234cd3142a796d67745c689ddfc
005 Дата корректировки 20151112163631.2
010 Индекс ISBN __
a ISBN 978-5-394-01380-5
101 Язык документа 0_
a Язык текста rus
102 Страна публикации __
a Страна публикации RU
200 Заглавие и сведения об ответственности 1_
a Заглавие Теория принятия решений и управление рисками в финансовой и налоговой сферах
e Сведения, относящиеся к заглавию учебное пособие для бакалавров
f Первые сведения об ответственности А. И. Новиков, Т. И. Солодкая
210 Выходные данные 1_
c Издательство Издательско- торговая корпорация "Дашков и Ко"
a Место издания М.
d Дата издания 2013
215 Физическое описание __
a Объем 288 с.
225 Серия 2_
a Серия Учебные издания для бакалавров
610 Ключевые слова 0_
a Ключевые слова учебное пособие
a Ключевые слова принятие решений
610 Ключевые слова 0_
a Ключевые слова управление рисками
610 Ключевые слова 0_
a Ключевые слова финансы
610 Ключевые слова 0_
a Ключевые слова налоги
610 Ключевые слова 0_
a Ключевые слова финансовая математика
610 Ключевые слова 0_
a Ключевые слова инвестиции
610 Ключевые слова 0_
a Ключевые слова финансовые активы
610 Ключевые слова 0_
a Ключевые слова портфельный анализ
610 Ключевые слова 0_
a Ключевые слова ценообразование
610 Ключевые слова 0_
a Ключевые слова модель CAPM
610 Ключевые слова 0_
a Ключевые слова арбитражная теория ценообразования
610 Ключевые слова 0_
a Ключевые слова АРТ
610 Ключевые слова 0_
a Ключевые слова уменьшение рисков
610 Ключевые слова 0_
a Ключевые слова хеджирование
610 Ключевые слова 0_
a Ключевые слова опционы
610 Ключевые слова 0_
a Ключевые слова финансовая устойчивость
610 Ключевые слова 0_
a Ключевые слова риск фирмы
610 Ключевые слова 0_
a Ключевые слова эффект рычага
610 Ключевые слова 0_
a Ключевые слова прогнозирование
686 Индексы других классификаций __
a Классификационный индекс 65.26
2 Код системы rubbk
686 Индексы других классификаций __
2 Код системы rubbk
686 Индексы других классификаций __
a Классификационный индекс 65.9(2)26
700 Автор _1
a Фамилия Новиков
b Имя А. И.
701 Альтернативная интеллектуальная ответственность _1
a Фамилия Солодкая
b Имя Т. И.
801 Источник записи _0
a Страна RU
852 Данные о местонахождении __
i Авторский знак Н 73
j Шифр хранения ББК 65.9(2)26
901 Тип документа __
t Тип документа m
912 Принадлежность преподавателя к РУК __
a Принадлежность преподавателя к РУК преподаватель Головного вуза
937 Технологическая информация __
a Создатель записи (имя) Геворкова
937 Технологическая информация __
a Создатель записи (имя) Майорова
938 Служебная информация __
a Название организации Поволжский филиал
938 Служебная информация __
a Название организации Головной вуз
952 Тип литературы __
c Вид литературы учебное пособие